Générique Mew Mew Power - Paroles - Statistiques

Statistiques générales
  • Ce quiz a été pris 115 fois
  • Le résultat moyen est 21 sur 24
Statistiques - réponses
Paroles % Correct
Comment imaginer ce qui allait m'{arriver} ?
100%
Mais peut-on sauver le {monde}
99%
Pour sauver le {monde}
99%
Tout s'est passer si {rapidement}
98%
Les dés sont {jetés}
97%
Serais-je à la {hauteur}
97%
Mew {Mew}
96%
Mais comment sauver le {monde}
94%
Mew Mew, Mew {Mew}
94%
Mew Mew, Mew {Mew}
94%
Oui comment sauver le {monde} ?
94%
Sans jamais avoir {peur}
94%
Car on compte sur {nous}
92%
Quand on est {amoureuse} ?
92%
Les dés sont {jetés}
91%
Mew Mew, Mew {Mew}
88%
Les plus fidèles {amies}
87%
Quand on est {amoureuse}...
87%
Mais l'amour était si {grand} !
84%
Il est temps d'{agir}
75%
Si on est toutes {réunies}
72%
On ne dois pas {faiblir}
70%
Et la {vie}
69%
On défendra la {nature}
61%
Aucun quiz correspondant
Distribution des résultats
% des personnes avec chaque résultat
Percentile par nombre de réponses
Votre historique - résultats
Vous n’avez pas pris ce quiz